<?xml version="1.0" encoding="UTF-8"?>
<collection xmlns="http://www.loc.gov/MARC21/slim">
  <record>
    <leader>00000nam  2200000   4500</leader>
    <controlfield tag="001">INLIS000000000008845</controlfield>
    <datafield tag="990" ind1="#" ind2="#">
      <subfield code="a">166/TA OSP 2022</subfield>
    </datafield>
    <controlfield tag="005">20230512094337</controlfield>
    <datafield tag="035" ind1="#" ind2="#">
      <subfield code="a">0010-0423000036</subfield>
    </datafield>
    <controlfield tag="007">ta</controlfield>
    <controlfield tag="008">230512################|##########|#|##</controlfield>
    <datafield tag="082" ind1="#" ind2="#">
      <subfield code="a">(R)2022 TA-TIA 818</subfield>
    </datafield>
    <datafield tag="084" ind1="#" ind2="#">
      <subfield code="a">(R)2022 TA-TIA 818 HAS r</subfield>
    </datafield>
    <datafield tag="100" ind1=" " ind2="#">
      <subfield code="a">HASRUL</subfield>
    </datafield>
    <datafield tag="245" ind1="1" ind2="#">
      <subfield code="a">Rancang Bangun Alat Penyedot Debu Menggunakan Mikrokontroler dan Aplikasi Control Nodemcu :</subfield>
      <subfield code="b">Tugas Akhir /</subfield>
      <subfield code="c">Hasrul</subfield>
    </datafield>
    <datafield tag="250" ind1="#" ind2="#">
      <subfield code="a">2022</subfield>
    </datafield>
    <datafield tag="260" ind1="#" ind2="#">
      <subfield code="a">Makassar :</subfield>
      <subfield code="b">Politeknik ATI Makassar-Otomasi Sistem Permesinan,</subfield>
      <subfield code="c">2022</subfield>
    </datafield>
    <datafield tag="300" ind1="#" ind2="#">
      <subfield code="a">xi, 28 halaman :</subfield>
      <subfield code="b">gambar, tabel ;</subfield>
      <subfield code="c">20,5x29 cm</subfield>
      <subfield code="e">bibliografi; lampiran</subfield>
    </datafield>
    <datafield tag="650" ind1="#" ind2="4">
      <subfield code="a">Tugas Akhir OSP 2022</subfield>
    </datafield>
    <datafield tag="856" ind1="#" ind2="#">
      <subfield code="a">OPAC (Rak TA TIA 2022)</subfield>
    </datafield>
  </record>
</collection>
